[Event "Gora Sw Anny op 3rd"]
[Site "Gora Sw Anny"]
[Date "2010.02.11"]
[Round "6"]
[White "Bogusz, Tomasz"]
[Black "Jozkow, Kacper"]
[Result "1-0"]
[WhiteElo "1780"]
[BlackElo "1636"]
[PlyCount "83"]
[EventDate "2010.02.08"]
[EventType "swiss"]
[EventRounds "9"]
[EventCountry "POL"]
[SourceTitle "CBM 135 Extra"]
[Source "ChessBase"]
[SourceDate "2010.05.04"]
[SourceVersion "1"]
[SourceVersionDate "2010.05.04"]
[SourceQuality "1"]

1. e4 c5 2. Nf3 e6 3. Nc3 Nc6 4. d4 cxd4 5. Nxd4 a6 6. Be3 Nge7 7. a3 b5 8. Qd2 Nxd4 9. Bxd4 Nc6 10. Be3 Bb7 11. Bd3 Qc7 12. f4 Be7 13. 0-0-0 Na5 14. Rhf1 Nc4 15. Bxc4 bxc4 16. g4 Bc8 17. e5 Rb8 18. Qd4 0-0 19. f5 f6 20. Bf4 Qb7 21. Ne4 c3 22. b3 Bxa3+ 23. Kb1 Qc6 24. Ka2 Bb2 25. Bc1 a5 26. Bxb2 cxb2 27. Kxb2 Rb4 28. c4 Ba6 29. Qxd7 Qxd7 30. Rxd7 Bxc4 31. Re1 Bxb3 32. Ka3 Bc2 33. Nc5 Rc8 34. fxe6 Rxg4 35. exf6 gxf6 36. e7 Re8 37. Nb7 Ra4+ 38. Kb2 Bf5 39. Rd8 Rb4+ 40. Kc3 Rxb7 41. Rxe8+ Kf7 42. Rf8+ 1-0

[Event "Pszczyna op"]
[Site "Pszczyna"]
[Date "2009.07.18"]
[Round "8"]
[White "Kaczmarek, Aleksander"]
[Black "Bogusz, Tomasz"]
[Result "1-0"]
[WhiteElo "1967"]
[BlackElo "1744"]
[PlyCount "57"]
[EventDate "2009.07.14"]
[EventType "swiss"]
[EventRounds "9"]
[EventCountry "POL"]
[SourceTitle "CBM 131 Extra"]
[Source "ChessBase"]
[SourceDate "2009.09.03"]
[SourceVersion "2"]
[SourceVersionDate "2009.09.16"]
[SourceQuality "1"]

1. e4 c6 2. d4 d5 3. Nc3 dxe4 4. Nxe4 Nd7 5. Bd3 Ngf6 6. Ng5 e6 7. f4 h6 8. N5f3 Be7 9. c3 b6 10. Ne5 Bb7 11. Ngf3 0-0 12. 0-0 c5 13. Qe2 a6 14. Bd2 Re8 15. Bc4 Nd5 16. Rae1 N7f6 17. Nxf7 Qc8 18. N7e5 cxd4 19. Nxd4 Bc5 20. Kh1 b5 21. Bb3 Bxd4 22. cxd4 Qc7 23. Qd3 Rac8 24. Qg6 Rf8 25. f5 Kh8 26. fxe6 Ne7 27. Nf7+ Rxf7 28. Qxf7 a5 29. Bxh6 1-0

[Event "Pszczyna op"]
[Site "Pszczyna"]
[Date "2009.07.16"]
[Round "4"]
[White "Bogusz, Tomasz"]
[Black "Szusterowski, Radoslaw"]
[Result "0-1"]
[WhiteElo "1744"]
[BlackElo "1969"]
[PlyCount "154"]
[EventDate "2009.07.14"]
[EventType "swiss"]
[EventRounds "9"]
[EventCountry "POL"]
[SourceTitle "CBM 131 Extra"]
[Source "ChessBase"]
[SourceDate "2009.09.03"]
[SourceVersion "2"]
[SourceVersionDate "2009.09.16"]
[SourceQuality "1"]

1. d4 Nf6 2. c4 e6 3. Nc3 d5 4. Bg5 Be7 5. e3 c6 6. Nf3 Qa5 7. Bxf6 Bxf6 8. a3 c5 9. Rc1 cxd4 10. Nxd4 0-0 11. cxd5 exd5 12. Be2 Nc6 13. Nxc6 bxc6 14. 0-0 Rb8 15. Qc2 Be6 16. Na4 d4 17. b4 Qg5 18. exd4 Bxd4 19. Bf3 a5 20. Nc5 axb4 21. Nxe6 fxe6 22. Qe4 Bb2 23. Rxc6 bxa3 24. Qxe6+ Kh8 25. Qd5 Qf4 26. Rc4 Qf6 27. Ra4 Rbd8 28. Qb3 Rd2 29. Rxa3 Bxa3 30. Qxa3 Rfd8 31. Qe3 g6 32. h3 R2d3 33. Qe4 R3d4 34. Qc6 Qf4 35. Qc3 Kg8 36. Qb3+ Kg7 37. Qc3 Qf6 38. Kh1 Rd2 39. Qxf6+ Kxf6 40. Kg1 Rb8 41. g3 Rbb2 42. Bg2 g5 43. Bc6 h5 44. Bf3 h4 45. g4 Ke5 46. Kg2 Kf4 47. Bc6 Rb6 48. Ba8 Rd8 49. Bf3 Rb3 50. Bc6 Rdd3 51. Rh1 Rb2 52. Rf1 Rg3+ 53. Kh2 Ke5 54. Bg2 Rd3 55. Kg1 Kd4 56. Re1 Rdd2 57. Rf1 Kd3 58. Bf3 Rbc2 59. Kg2 Kc3 60. Be4 Ra2 61. Bc6 Kb2 62. Be4 Ra1 63. Rxa1 Kxa1 64. Kf3 Ra2 65. Ke3 Ra3+ 66. Bd3 Kb2 67. Ke4 Kc3 68. Bf1 Kd2 69. Kf5 Ra5+ 70. Kg6 Ke1 71. Bd3 Kxf2 72. Bf5 Kg3 73. Kxg5 Kxh3 74. Kf6 Ra6+ 75. Ke5 Kg3 76. g5 Ra5+ 77. Kf6 Kf4 0-1

[Event "Pszczyna op"]
[Site "Pszczyna"]
[Date "2009.07.15"]
[Round "3"]
[White "Tchorzewski, Kazimierz"]
[Black "Bogusz, Tomasz"]
[Result "0-1"]
[WhiteElo "1872"]
[BlackElo "1744"]
[PlyCount "96"]
[EventDate "2009.07.14"]
[EventType "swiss"]
[EventRounds "9"]
[EventCountry "POL"]
[SourceTitle "CBM 131 Extra"]
[Source "ChessBase"]
[SourceDate "2009.09.03"]
[SourceVersion "2"]
[SourceVersionDate "2009.09.16"]
[SourceQuality "1"]

1. e4 c6 2. d4 d5 3. e5 Bf5 4. Nc3 e6 5. g4 Bg6 6. Nge2 Be7 7. Be3 h5 8. Nf4 Bg5 9. Nxg6 fxg6 10. Qd3 Bxe3 11. Qxg6+ Kf8 12. fxe3 Qh4+ 13. Kd2 Qxg4 14. Qxg4 hxg4 15. Be2 Rh4 16. Raf1+ Ke7 17. Rf4 Nh6 18. Nd1 Nd7 19. h3 g5 20. Rff1 gxh3 21. Nf2 g4 22. Rhg1 Rg8 23. Rg3 h2 24. Rh1 c5 25. c3 cxd4 26. exd4 Nb6 27. b3 Kd8 28. Ke1 Nc8 29. Kf1 Ne7 30. Kg2 Nef5 31. Rxh2 Rxh2+ 32. Kxh2 Nxg3 33. Kxg3 Nf5+ 34. Kg2 g3 35. Nh3 Nh4+ 36. Kg1 Rf8 37. c4 dxc4 38. bxc4 Ke7 39. d5 b6 40. a4 Rf5 41. d6+ Kd7 42. c5 Rxe5 43. Nf4 Rxc5 44. Bb5+ Kxd6 45. Ne2 Nf5 46. Kg2 Re5 47. Nxg3 Nxg3 48. Kxg3 Rxb5 0-1

[Event "Pszczyna op"]
[Site "Pszczyna"]
[Date "2009.07.14"]
[Round "1"]
[White "Czernicki, Bogdan"]
[Black "Bogusz, Tomasz"]
[Result "1-0"]
[WhiteElo "2034"]
[BlackElo "1744"]
[PlyCount "123"]
[EventDate "2009.07.14"]
[EventType "swiss"]
[EventRounds "9"]
[EventCountry "POL"]
[SourceTitle "CBM 131 Extra"]
[Source "ChessBase"]
[SourceDate "2009.09.03"]
[SourceVersion "2"]
[SourceVersionDate "2009.09.16"]
[SourceQuality "1"]

1. d4 Nf6 2. Nf3 d6 3. Bg5 g6 4. Nbd2 Bg7 5. c3 0-0 6. h3 c5 7. e4 b6 8. Bd3 Ba6 9. Qe2 Bxd3 10. Qxd3 cxd4 11. cxd4 Nc6 12. d5 Na5 13. 0-0 Nb7 14. Be3 Nc5 15. Bxc5 bxc5 16. Nc4 Rb8 17. Rad1 Nd7 18. b3 Qc7 19. Rfe1 Nb6 20. Nfd2 Bd4 21. Re2 Nxc4 22. Nxc4 e5 23. dxe6 fxe6 24. Qg3 Rbd8 25. Kh1 Rd7 26. Qg4 Re7 27. Qg3 Rd7 28. f3 d5 29. Qxc7 Rxc7 30. exd5 exd5 31. Nd6 a6 32. b4 Rd7 33. bxc5 Bxc5 34. Ne4 Ba7 35. Red2 d4 36. Rd3 Rc7 37. Ra3 Rc6 38. Kg1 Rb8 39. Kf1 Rb2 40. Rd2 Rxd2 41. Nxd2 Kf7 42. Ke2 Ke6 43. Kd3 Ke5 44. g3 Kd5 45. Ra5+ Ke6 46. Ne4 h6 47. f4 Kf7 48. g4 Ke6 49. h4 Kf7 50. h5 gxh5 51. Rxh5 Bb8 52. Rf5+ Kg6 53. Kxd4 Ba7+ 54. Kd3 Bg1 55. Rd5 Bh2 56. f5+ Kf7 57. Rd7+ Ke8 58. Ra7 Bg1 59. Rh7 Bh2 60. g5 Bf4 61. g6 Rb6 62. f6 1-0